Statistics for Famous Jews

Click here to take the quiz!

General Stats

  • This quiz has been taken 140 times
  • The average score is 9 of 16

Answer Stats

Answer% Correct
Jesus
90%
Benjamin Netanyahu
78%
Karl Marx
78%
Adam Sandler
76%
Golda Meir
70%
Ivanka Trump
67%
Scarlett Johansson
67%
Sacha Baron Cohen
66%
Sigmund Freud
64%
Ben Shapiro
54%
Jerry Seinfeld
52%
George Soros
35%
Ariel Sharon
30%
Benjamin Disraeli
25%
Jenna Jameson
5%
May Britt
2%

Score Distribution

Percentile by Number Answered

Percent of People with Each Score

Your Score History

You have not taken this quiz